[Event "28th European Club Cup"]
[Site "Eilat ISR"]
[Date "2012.10.13"]
[Round "3.11"]
[White "Koch, Thomas1"]
[Black "Cramling, Dan"]
[Result "0-1"]
[WhiteTitle "IM"]
[BlackTitle "IM"]
[WhiteElo "2431"]
[BlackElo "2360"]
[WhiteTeam "Eynatten"]
[BlackTeam "Team Viking"]
[WhiteFideId "4600533"]
[BlackFideId "1700162"]
[EventDate "2012.10.11"]
[EventType "team-swiss"]

1. d4 Nf6 2. c4 c5 3. d5 b5 4. cxb5 a6 5. e3 Bb7 6. Nc3 Qa5 7. Bd2 axb5 8. Bxb5
Qb6 9. Bc4 e6 10. e4 Nxe4 11. Nge2 Qb4 12. b3 Nxd2 13. Qxd2 Be7 14. O-O O-O 15.
Rad1 Ba6 16. Qd3 g6 17. Rfe1 Bf6 18. Qf3 Bxc3 19. Nxc3 Bxc4 20. dxe6 Bxe6 21.
Qxa8 Nc6 22. Qa6 Qxc3 23. Rc1 Qb4 24. h3 Rb8 25. Re3 Qb5 26. Qa3 d6 27. Qb2 Nd4
28. Rd1 Bd5 29. Rd2 Qc6 30. f3 h5 31. Qc1 Bxf3 32. Qf1 Be4 33. Qf4 Re8 34. Rf2
Qd5 35. Qf6 Nf5 36. Re1 Re6 37. Qg5 h4 38. Rd2 Qe5 39. Qg4 d5 40. Rf2 Qd4 41.
Qg5 Kg7 42. Qf4 c4 43. bxc4 dxc4 44. Kh2 c3 45. Rfe2 Ng3 46. Re3 c2 47. Ra3 Nh5
48. Qc1 Qf2 49. Rg1 Nf4 50. Rf3 Bxf3 51. Qxf4 Qg3+ 0-1

[Event "28th European Club Cup"]
[Site "Eilat ISR"]
[Date "2012.10.13"]
[Round "3.11"]
[White "Sagit, Rauan"]
[Black "Coenen, Norbert"]
[Result "1-0"]
[WhiteTitle "FM"]
[BlackTitle "IM"]
[WhiteElo "2356"]
[BlackElo "2327"]
[WhiteTeam "Team Viking"]
[BlackTeam "Eynatten"]
[WhiteFideId "1708376"]
[BlackFideId "4619455"]
[EventDate "2012.10.11"]
[EventType "team-swiss"]

1. e4 c5 2. Nf3 e6 3. d4 cxd4 4. Nxd4 Nf6 5. Nc3 d6 6. Bc4 Be7 7. O-O O-O 8. Be3
a6 9. a3 b5 10. Ba2 Bb7 11. Bxe6 fxe6 12. Nxe6 Qc8 13. Nxf8 Bxf8 14. f3 Qe6 15.
Bd4 Nc6 16. Bf2 Ne5 17. Re1 Rc8 18. Ne2 Ng6 19. Qd2 Qc4 20. Nd4 Re8 21. b3 Qc8
22. c4 bxc4 23. bxc4 Qxc4 24. Nf5 Qe6 25. Rab1 Qd7 26. Bd4 Ne5 27. Red1 Nxe4 28.
Qf4 g5 29. Qe3 Qxf5 30. Rxb7 Nc5 31. Rbb1 Bg7 32. Kh1 Rc8 33. Ba1 h6 34. Qd4 Bf8
35. h3 Re8 36. Bc3 Qf7 37. Re1 Rc8 38. Red1 Qc4 39. Qe3 Re8 40. Ba1 Qf7 41. Qd4
Nb3 42. Qa4 Nc5 43. Qd4 Qg6 44. Qd5+ Qe6 45. Qd4 Be7 46. f4 gxf4 47. Qxf4 Rf8
48. Qg3+ Kh7 49. Qe3 Rg8 50. Qe2 Qg6 51. Rb4 a5 52. Rf4 Ncd3 53. Rff1 Bg5 54.
Bxe5 Nxe5 55. Rd5 Bd8 56. Rfd1 Bc7 57. a4 Rg7 58. Rc1 Rf7 59. Rdd1 Bb6 60. Rf1
Rxf1+ 61. Rxf1 Qd3 62. Qe1 Bd4 63. Rf6 Be3 64. Re6 Bf4 65. Re7+ Kg6 66. Re8 Kf7
67. Ra8 Qd2 68. Qb1 Kf6 69. Rf8+ Nf7 70. Qa1+ Be5 71. Qg1 Qd4 72. Ra8 Qxg1+ 73.
Kxg1 Bc3 74. Kf2 Ne5 75. Rh8 Nf7 76. Rc8 Bb4 77. Ke3 Ng5 78. Kd4 Ke6 79. Re8+
Kd7 80. Rh8 Nf7 81. Rg8 Ke7 82. Kd5 Kf6 83. Rf8 Ke7 84. Rg8 Bd2 85. Ra8 h5 86.
h4 Kf6 87. Ra6 Bb4 88. Ra8 Ne5 89. Rg8 Ng6 90. Ke4 Be1 91. g4 hxg4 92. h5 d5+
93. Ke3 Ne7 94. Rxg4 Nf5+ 95. Kd3 Ke5 96. Rg6 Ne7 97. Ra6 Kf5 98. h6 Ng6 99. h7
Nh8 100. Ra8 Ng6 101. Rg8 Ne5+ 102. Ke2 1-0

[Event "28th European Club Cup"]
[Site "Eilat ISR"]
[Date "2012.10.13"]
[Round "3.11"]
[White "Kaufeld, Juergen"]
[Black "Pettersson, Anders1"]
[Result "1/2-1/2"]
[WhiteTitle "FM"]
[WhiteElo "2326"]
[BlackElo "2274"]
[WhiteTeam "Eynatten"]
[BlackTeam "Team Viking"]
[WhiteFideId "4648498"]
[BlackFideId "1709771"]
[EventDate "2012.10.11"]
[EventType "team-swiss"]

1. d4 Nf6 2. Nf3 e6 3. g3 b6 4. c4 Bb7 5. Bg2 Be7 6. O-O O-O 7. Nc3 d6 8. Qc2
Nbd7 9. e4 e5 10. d5 a5 11. b3 Nc5 12. Rb1 Bc8 13. a3 Nh5 14. b4 Na6 15. Ne1 f5
16. exf5 Bxf5 17. Be4 g6 18. Ng2 Bg5 19. Be3 Qf6 20. Qe2 Bh3 21. f3 Bxe3+ 22.
Qxe3 Kh8 23. Bd3 Qg7 24. Ne4 Bf5 25. Ng5 Bd7 26. Qe2 Bc8 27. Ne3 Qe7 28. Ne4 Nf6
29. Nd1 Nxe4 30. Bxe4 axb4 31. axb4 Bb7 32. Nc3 Nb8 33. Nb5 c6 34. Nc3 c5 35.
bxc5 bxc5 36. Bd3 Na6 37. Ne4 Nb4 38. Ra1 Rxa1 39. Rxa1 Bc8 40. Kg2 Bf5 41. Qe3
Nxd3 42. Qxd3 Rb8 43. Ra2 Qb7 44. Qe3 Qb1 45. Rf2 Bxe4 46. fxe4 Rb2 47. Rxb2
Qxb2+ 48. Kh3 Qb1 49. Qg5 Qxe4 50. Qf6+ Kg8 51. Qe6+ Kg7 52. Qxd6 Qf5+ 53. Kg2
Qe4+ 54. Kh3 Qf5+ 55. Kg2 Qe4+ 56. Kh3 1/2-1/2

[Event "28th European Club Cup"]
[Site "Eilat ISR"]
[Date "2012.10.13"]
[Round "3.12"]
[White "Gofshtein, Leonid"]
[Black "Zhigalko, Andrey"]
[Result "0-1"]
[WhiteTitle "GM"]
[BlackTitle "GM"]
[WhiteElo "2480"]
[BlackElo "2582"]
[WhiteTeam "Petach Tikva"]
[BlackTeam "Vesnianka Gran"]
[WhiteFideId "2801574"]
[BlackFideId "13502247"]
[EventDate "2012.10.11"]
[EventType "team-swiss"]

1. d4 Nf6 2. c4 e6 3. e3 d5 4. Nc3 a6 5. Nf3 dxc4 6. Bxc4 b5 7. Bd3 c5 8. a4 b4
9. Ne4 Nbd7 10. Nxf6+ Nxf6 11. e4 Bb7 12. e5 Nd7 13. Ng5 cxd4 14. Nxe6 Qa5 15.
Ng5 Bxg2 16. Nxf7 Nxe5 17. Bb5+ Kxf7 18. Qh5+ g6 19. Qxe5 axb5 20. Qf4+ Kg8 21.
Rg1 Re8+ 22. Kd1 Qa8 0-1

[Event "28th European Club Cup"]
[Site "Eilat ISR"]
[Date "2012.10.13"]
[Round "3.12"]
[White "Teterev, Vitaly"]
[Black "Nakar, Eylon"]
[Result "1/2-1/2"]
[WhiteTitle "GM"]
[BlackTitle "IM"]
[WhiteElo "2529"]
[BlackElo "2397"]
[WhiteTeam "Vesnianka Gran"]
[BlackTeam "Petach Tikva"]
[WhiteFideId "13501429"]
[BlackFideId "2811111"]
[EventDate "2012.10.11"]
[EventType "team-swiss"]

1. Nf3 Nf6 2. g3 g6 3. Bg2 Bg7 4. d4 O-O 5. c4 d6 6. O-O Nc6 7. Nc3 a6 8. Qd3 e5
9. dxe5 dxe5 10. Qxd8 Rxd8 11. Bg5 Re8 12. Nd2 Nd4 13. Rfd1 Rb8 14. Nb3 Nxb3 15.
axb3 Bf5 16. Rd2 c6 17. Rad1 h6 18. Be3 Bf8 19. h3 h5 20. Bb6 Rbc8 21. e4 Be6
22. Rd3 h4 23. Na4 Kg7 24. Kh2 Be7 25. g4 Nh7 26. f3 Nf8 27. Bf1 Nh7 28. Ba5 Nf8
29. Bb6 g5 30. Nc5 Bxc5 31. Bxc5 f6 32. Kg1 Kf7 33. Kf2 Rc7 34. R3d2 Nd7 35. Bd6
Rcc8 36. b4 Red8 37. Ke3 Nb6 38. b3 Rd7 39. Bc5 Rxd2 40. Rxd2 Nd7 41. Bd6 Nb6
42. Rc2 Na8 43. Ke2 Rd8 44. Bc5 b5 45. Ke1 Bc8 46. Be3 Bb7 47. Be2 Rd7 48. Rd2 1/2-1/2

[Event "28th European Club Cup"]
[Site "Eilat ISR"]
[Date "2012.10.13"]
[Round "3.12"]
[White "Steinberg, Nitzan"]
[Black "Kovalev, Vladislav"]
[Result "0-1"]
[BlackTitle "IM"]
[WhiteElo "2370"]
[BlackElo "2473"]
[WhiteTeam "Petach Tikva"]
[BlackTeam "Vesnianka Gran"]
[WhiteFideId "2801795"]
[BlackFideId "13504398"]
[EventDate "2012.10.11"]
[EventType "team-swiss"]

1. e4 e5 2. Nf3 Nc6 3. Bb5 a6 4. Ba4 Nf6 5. O-O Be7 6. Re1 b5 7. Bb3 d6 8. c3
O-O 9. h3 Nd7 10. d4 Bf6 11. a4 Bb7 12. Na3 exd4 13. cxd4 Nb6 14. Bf4 bxa4 15.
Bxa4 Nxa4 16. Qxa4 a5 17. Qb3 Rb8 18. Qc3 Nxd4 19. Nxd4 c5 20. Qg3 cxd4 21. Bxd6
Ba6 22. Bxb8 Qxb8 23. e5 Be7 24. b3 d3 25. Nc4 Bxc4 26. bxc4 d2 27. Red1 Bb4 28.
Qe3 Rd8 29. Ra2 h6 30. Kh2 Qc7 31. Rc2 a4 32. f4 a3 33. c5 Qc6 34. Qb3 Rd4 35.
Rc4 Rxc4 36. Qxc4 Bxc5 37. Qd3 Bb4 38. Qd8+ Kh7 39. Qd3+ Kg8 40. Qd8+ Kh7 41.
Qd3+ Qg6 42. f5 Qg5 43. e6 Qf6 44. Qd5 a2 0-1

[Event "28th European Club Cup"]
[Site "Eilat ISR"]
[Date "2012.10.13"]
[Round "3.12"]
[White "Gorovets, Andrey"]
[Black "Bar, Roman"]
[Result "1/2-1/2"]
[WhiteTitle "IM"]
[BlackTitle "IM"]
[WhiteElo "2459"]
[BlackElo "2468"]
[WhiteTeam "Vesnianka Gran"]
[BlackTeam "Petach Tikva"]
[WhiteFideId "13504037"]
[BlackFideId "2803879"]
[EventDate "2012.10.11"]
[EventType "team-swiss"]

1. e4 c5 2. c3 Nf6 3. e5 Nd5 4. Nf3 Nc6 5. Bc4 Nb6 6. Bb3 d6 7. exd6 e6 8. O-O
Bxd6 9. d4 O-O 10. dxc5 Bxc5 11. Qe2 Bd7 12. Rd1 Be7 13. Bf4 Re8 14. Nbd2 Nd5
15. Bg3 Qa5 16. Bc2 g6 17. Nc4 Qc5 18. b4 Qb5 19. a4 Nxc3 20. Qf1 Qxb4 21. Rxd7
Rad8 22. Rxd8 Rxd8 23. Kh1 Bf6 24. Re1 Nd4 25. Nxd4 Rxd4 26. Be5 Bxe5 27. Nxe5
Rd2 28. Bd3 Qxa4 29. Ra1 Qd4 30. Nf3 Qxd3 31. Nxd2 Qxd2 32. Rxa7 b5 33. Rb7 Kg7
34. h3 e5 35. Qa1 Qd4 36. Qa7 Qf4 37. Qe3 Qxe3 38. fxe3 e4 39. Kg1 Nd1 40. Re7
Nxe3 41. Rxe4 Nc4 42. Rd4 h5 43. Rd5 Na3 44. Rd3 Nc4 45. Rd5 Na3 46. Rd3 1/2-1/2

[Event "28th European Club Cup"]
[Site "Eilat ISR"]
[Date "2012.10.13"]
[Round "3.12"]
[White "Botvinnik, Mikhail"]
[Black "Mochalov, Evgeny V"]
[Result "0-1"]
[BlackTitle "IM"]
[WhiteElo "2340"]
[BlackElo "2403"]
[WhiteTeam "Petach Tikva"]
[BlackTeam "Vesnianka Gran"]
[WhiteFideId "2805650"]
[BlackFideId "13500074"]
[EventDate "2012.10.11"]
[EventType "team-swiss"]

1. d4 Nf6 2. c4 d6 3. Nc3 g6 4. e4 Bg7 5. Nf3 O-O 6. Be2 Nbd7 7. O-O e5 8. Be3
h6 9. d5 Ng4 10. Bd2 f5 11. Ne1 Ngf6 12. f3 f4 13. b4 Nh5 14. Nd3 Ng3 15. Re1
Nxe2+ 16. Qxe2 Rf7 17. c5 Nf6 18. Rac1 Bf8 19. cxd6 cxd6 20. g4 Nh7 21. Kh1 Be7
22. Rc2 Bh4 23. Rec1 Bd7 24. Ne1 h5 25. gxh5 gxh5 26. Nb5 Bxb5 27. Qxb5 Bf2 28.
Ng2 Bb6 29. Be1 a6 30. Qe2 Rg7 31. Bh4 Qd7 32. Bf2 Bxf2 33. Qxf2 Ng5 34. Nh4 Rf8
35. Nf5 Rxf5 36. exf5 Qxf5 37. Rc8+ Kh7 38. R8c7 Qd3 39. Qc2 Qxc2 40. R1xc2 Nxf3
41. Rxg7+ Kxg7 42. Rc6 e4 43. Rxd6 Nd4 44. Rd8 Kf7 45. Rh8 e3 46. Rxh5 Nf3 47.
Rf5+ Kg6 48. Rxf4 e2 49. Re4 e1=Q+ 50. Rxe1 Nxe1 51. Kg1 Kf5 52. Kf2 Nc2 53. h4
Nxb4 54. d6 Nd3+ 55. Ke3 Ne5 56. Kd4 Ke6 57. h5 Kxd6 58. h6 Nf7 59. h7 b5 60. a4
Kc6 61. axb5+ axb5 0-1

[Event "28th European Club Cup"]
[Site "Eilat ISR"]
[Date "2012.10.13"]
[Round "3.12"]
[White "Oblamski, Vladimir"]
[Black "Chernomordik, Pavel"]
[Result "1-0"]
[BlackTitle "FM"]
[WhiteElo "2114"]
[BlackElo "2274"]
[WhiteTeam "Vesnianka Gran"]
[BlackTeam "Petach Tikva"]
[WhiteFideId "13503979"]
[BlackFideId "2804530"]
[EventDate "2012.10.11"]
[EventType "team-swiss"]

1. e4 g6 2. d4 Bg7 3. Nc3 d6 4. Nf3 a6 5. a4 b6 6. Bd3 Nd7 7. O-O c5 8. Be3 Bb7
9. h3 cxd4 10. Bxd4 Ngf6 11. Re1 O-O 12. Rb1 e5 13. Be3 d5 14. exd5 Nxd5 15.
Nxd5 Bxd5 16. Nd2 Qc7 17. Qe2 Qb7 18. f3 f5 19. Bc4 Kh8 20. Bxd5 Qxd5 21. Red1
Qc6 22. Nc4 Qxa4 23. Ra1 Qb5 24. Rxd7 Qxd7 25. Nxb6 Qb7 26. Nxa8 Rxa8 27. c3 h5
28. Bg5 a5 29. Rd1 Re8 30. Rd6 Kh7 31. Qd2 e4 32. Rd7 Qb6+ 33. Kh1 Rg8 34. fxe4
fxe4 35. Qf4 Qxb2 36. Qc7 Qb5 37. Be3 Qb1+ 38. Kh2 Qf1 39. Bd4 Qf8 40. Rf7 Qb8
41. Rxg7+ 1-0

[Event "28th European Club Cup"]
[Site "Eilat ISR"]
[Date "2012.10.13"]
[Round "3.13"]
[White "Boruchovsky, Avital"]
[Black "Nyysti, Sampsa"]
[Result "0-1"]
[WhiteTitle "IM"]
[BlackTitle "IM"]
[WhiteElo "2435"]
[BlackElo "2343"]
[WhiteTeam "Hapoel Kfar Saba"]
[BlackTeam "Shakkivelhot"]
[WhiteFideId "2800055"]
[BlackFideId "502138"]
[EventDate "2012.10.11"]
[EventType "team-swiss"]

1. e4 e5 2. Nf3 Nc6 3. Bb5 a6 4. Ba4 Nf6 5. O-O Be7 6. Re1 b5 7. Bb3 d6 8. c3
Na5 9. Bc2 c5 10. h3 Qc7 11. d4 Bd7 12. Nbd2 cxd4 13. cxd4 Rc8 14. Bd3 O-O 15.
a3 exd4 16. Nxd4 Rfe8 17. N2f3 Nc4 18. Bxc4 bxc4 19. Bf4 Qb7 20. Qc2 d5 21. exd5
Nxd5 22. Bg3 c3 23. b3 Bc5 24. b4 Bf8 25. Rxe8 Bxe8 26. Ng5 g6 27. Ne4 Qb6 28.
Rd1 Bg7 29. Nb3 Bc6 30. Nbc5 Ba8 31. Nd6 Rd8 32. Nc4 Qb5 33. Qb3 Qe8 34. Bh4 Rb8
35. Bg3 Rd8 36. Bh4 Rb8 37. Qc2 Qc6 38. Na5 Qb5 39. Bg3 Re8 40. Nd3 h5 41. Qa2
Nb6 42. Nc5 Bf6 43. Rd3 h4 44. Bf4 Re1+ 45. Kh2 g5 46. Bd6 Qe8 47. Nab7 Re2 48.
Qa1 Rxf2 49. Qg1 Re2 50. Rd1 c2 51. Rf1 Nd5 52. Kh1 Kg7 53. Bh2 Qe7 54. Nd6 Ne3 0-1

[Event "28th European Club Cup"]
[Site "Eilat ISR"]
[Date "2012.10.13"]
[Round "3.13"]
[White "Kosmo, Santul"]
[Black "Givon, Asaf"]
[Result "1/2-1/2"]
[BlackTitle "FM"]
[WhiteElo "2212"]
[BlackElo "2405"]
[WhiteTeam "Shakkivelhot"]
[BlackTeam "Hapoel Kfar Saba"]
[WhiteFideId "504173"]
[BlackFideId "2801841"]
[EventDate "2012.10.11"]
[EventType "team-swiss"]

1. e4 Nf6 2. e5 Nd5 3. d4 d6 4. c4 Nb6 5. exd6 cxd6 6. Nc3 g6 7. Be3 Bg7 8. Rc1
O-O 9. b3 N6d7 10. Nf3 Nf6 11. h3 d5 12. Be2 Nc6 13. O-O Bf5 14. Ne5 dxc4 15.
Nxc6 bxc6 16. bxc4 Ne4 17. Nxe4 Bxe4 18. Bf3 Bxf3 19. Qxf3 Rc8 20. Rfd1 Qa5 21.
Qe4 Bf6 22. Rc2 Rfd8 23. Rcd2 Qa4 24. Qc2 Qa6 25. Bf4 Qa5 26. Qe4 Qa4 27. Qe2 e6
28. Be5 Bg7 29. Bxg7 Kxg7 30. d5 exd5 31. cxd5 cxd5 32. Rxd5 Rxd5 33. Rxd5 Rc1+
34. Kh2 Qf4+ 35. g3 Qf6 36. Kg2 Rc3 37. Qe5 Qxe5 38. Rxe5 Ra3 39. Re2 h5 40. h4
a5 41. Rb2 a4 42. Rc2 Kf6 43. Rb2 Ke5 44. Rc2 Rd3 1/2-1/2

[Event "28th European Club Cup"]
[Site "Eilat ISR"]
[Date "2012.10.13"]
[Round "3.13"]
[White "Galburd, Yan"]
[Black "Verkasalo, Tommi"]
[Result "1-0"]
[WhiteElo "2331"]
[BlackElo "2185"]
[WhiteTeam "Hapoel Kfar Saba"]
[BlackTeam "Shakkivelhot"]
[WhiteFideId "2808528"]
[BlackFideId "503070"]
[EventDate "2012.10.11"]
[EventType "team-swiss"]

1. d4 Nf6 2. c4 e6 3. Nf3 c5 4. d5 exd5 5. cxd5 d6 6. Nc3 g6 7. e4 a6 8. a4 Bg4
9. Be2 Bxf3 10. Bxf3 Bg7 11. O-O Nbd7 12. Be2 O-O 13. f4 Re8 14. Bf3 c4 15. Be3
b5 16. axb5 axb5 17. Rxa8 Qxa8 18. Nxb5 Qb8 19. Na3 Nxe4 20. Nxc4 Qb4 21. Qc2
Ndc5 22. Be2 Na4 23. Rb1 Nxb2 24. Bf1 Nc5 25. Bf2 Nca4 26. Nxb2 Nxb2 27. Qc6 Qe4
28. Re1 Qxe1 29. Bxe1 Rxe1 30. Kf2 Re4 31. Qc8+ Bf8 32. Qc1 Bg7 33. Qc8+ Bf8 34.
Qc1 Bg7 35. Kf3 Rd4 36. Qc8+ Bf8 37. Qc3 Bg7 38. Qa3 Nd1 39. Qa8+ Bf8 40. Qa7
Rd2 41. Be2 Nc3 42. Bc4 Bg7 43. Qb8+ Bf8 44. Qb4 Bg7 45. Qxd6 Rf2+ 46. Kg4 Rxg2+
47. Kh3 Rg1 48. Qc5 Rd1 49. d6 Bf6 50. Qa7 Nd5 51. Bxd5 Rd3+ 52. Kg2 Rd2+ 53.
Kf3 1-0

[Event "28th European Club Cup"]
[Site "Eilat ISR"]
[Date "2012.10.13"]
[Round "3.14"]
[White "Edouard, Romain"]
[Black "Meribanov, Vitaly"]
[Result "1/2-1/2"]
[WhiteTitle "GM"]
[BlackTitle "FM"]
[WhiteElo "2664"]
[BlackElo "2407"]
[WhiteTeam "Club d'Echecs Genève"]
[BlackTeam "Ladia Minsk"]
[WhiteFideId "633429"]
[BlackFideId "13504363"]
[EventDate "2012.10.11"]
[EventType "team-swiss"]

1. d4 Nf6 2. c4 e6 3. Nc3 Bb4 4. e3 b6 5. Bd3 Bb7 6. Nf3 Ne4 7. O-O Bxc3 8. bxc3
O-O 9. Ba3 d6 10. Qc2 f5 11. d5 exd5 12. Nd4 Qe8 13. cxd5 Bxd5 14. c4 Bb7 15. f3
Nc5 16. Bxc5 Qxe3+ 17. Kh1 dxc5 18. Nxf5 Qg5 19. f4 Qf6 20. Ne3 Qh6 21. Nf5 Qf6
22. Ng3 Qh6 23. Ne4 Nc6 24. Ng5 g6 25. Rae1 Nd4 26. Qf2 Rae8 27. Re3 Rxe3 28.
Qxe3 Qg7 29. Re1 Bc8 30. h3 Bf5 31. Bxf5 Nxf5 32. Qf3 Nd4 33. Qd5+ Kh8 34. Re4
h6 35. Ne6 Nxe6 36. Qxe6 Kh7 37. Qd5 a5 38. a4 Rf7 39. Kh2 Qf8 40. Kg3 Qg7 41.
Qe6 Rd7 42. Qe8 Qf7 43. Qxf7+ Rxf7 44. Kf3 Kg7 45. Re6 Rd7 46. Rc6 h5 47. g4
hxg4+ 48. hxg4 Rd4 49. Rxc7+ Kf8 50. Rc6 Kf7 51. Rxb6 Rxc4 52. Rb5 Rxa4 53. Rxc5
Kg7 54. Kg3 Kf7 55. Rc7+ Kg8 56. Ra7 Kf8 57. Kh4 Rxf4 58. Rxa5 Rb4 59. Kg5 Kg7
60. Ra7+ Kg8 61. Ra6 Kh7 1/2-1/2

[Event "28th European Club Cup"]
[Site "Eilat ISR"]
[Date "2012.10.13"]
[Round "3.14"]
[White "Bulanov, Dmitri"]
[Black "Vuilleumier, Alexandre"]
[Result "1/2-1/2"]
[WhiteTitle "FM"]
[BlackTitle "IM"]
[WhiteElo "2376"]
[BlackElo "2326"]
[WhiteTeam "Ladia Minsk"]
[BlackTeam "Club d'Echecs Genève"]
[WhiteFideId "13506382"]
[BlackFideId "1305662"]
[EventDate "2012.10.11"]
[EventType "team-swiss"]

1. e4 e5 2. Nf3 Nc6 3. d4 exd4 4. Nxd4 Nf6 5. Nxc6 bxc6 6. e5 Qe7 7. Qe2 Nd5 8.
c4 Ba6 9. Nd2 g6 10. Nf3 Qb4+ 11. Kd1 Nb6 12. b3 O-O-O 13. Qd2 Qxd2+ 14. Bxd2
Bg7 15. Kc2 d5 16. cxd5 Bxf1 17. Rhxf1 cxd5 18. Rfe1 f6 19. exf6 Bxf6 20. Rac1
Rdf8 21. Kd3 Rf7 22. Rc2 Rg8 23. h3 g5 24. Be3 Kb7 25. Rec1 g4 26. hxg4 Rxg4 27.
g3 d4 28. Bd2 Nd5 29. Rc5 Nc3 30. Bxc3 dxc3 31. Rf5 Rd7+ 32. Kc2 Bg7 33. Rd1 Re7
34. Ng1 Rge4 35. Rfd5 Bf6 36. R5d3 c5 37. Rd7+ Kc8 38. Rxe7 Rxe7 39. Kd3 Bd4 40.
Rf1 Rf7 41. Nh3 Rf3+ 42. Ke2 Rf6 43. Rc1 Ra6 44. Rc2 Re6+ 45. Kf1 Rh6 46. Nf4
Rh1+ 47. Ke2 Kd7 48. Nd3 Ke6 49. Rc1 Rxc1 50. Nxc1 Kd5 51. f3 c4 52. g4 Kc5 53.
bxc4 Kxc4 54. Kd1 Be3 55. Kc2 Bg5 56. Ne2 Bf6 57. f4 h6 58. f5 Be5 59. Ng1 Bf6
60. Ne2 Be5 61. Ng1 Bf6 62. Ne2 1/2-1/2

[Event "28th European Club Cup"]
[Site "Eilat ISR"]
[Date "2012.10.13"]
[Round "3.14"]
[White "Gerber, Richard"]
[Black "Kocheev, Aleksandr"]
[Result "1-0"]
[WhiteTitle "IM"]
[WhiteElo "2421"]
[BlackElo "2324"]
[WhiteTeam "Club d'Echecs Genève"]
[BlackTeam "Ladia Minsk"]
[WhiteFideId "1300652"]
[BlackFideId "13507842"]
[EventDate "2012.10.11"]
[EventType "team-swiss"]

1. Nf3 d5 2. c4 dxc4 3. e3 Bg4 4. Bxc4 e6 5. Qb3 Bxf3 6. gxf3 Nd7 7. Qxb7 Ngf6
8. Qb3 Bd6 9. Nc3 O-O 10. Qc2 Qb8 11. b3 c5 12. Bb2 Rd8 13. f4 Qb7 14. Rg1 Bf8
15. Rg5 h6 16. Rg3 Nb6 17. Be2 Qh1+ 18. Bf1 Rac8 19. Rg2 c4 20. Ne4 Nh5 21. Qd1
Rd5 22. Be5 Rxe5 23. fxe5 g6 24. Qf3 Bg7 25. Nf6+ Kf8 26. Rc1 Nxf6 27. exf6 Bh8
28. bxc4 Nd7 29. Qb7 Rd8 30. c5 Bxf6 31. d4 e5 32. c6 Nb6 33. c7 1-0

[Event "28th European Club Cup"]
[Site "Eilat ISR"]
[Date "2012.10.13"]
[Round "3.14"]
[White "Preissmann, Emmanuel"]
[Black "Terzi, Alexei"]
[Result "1-0"]
[WhiteTitle "FM"]
[WhiteElo "2222"]
[BlackElo "2115"]
[WhiteTeam "Club d'Echecs Genève"]
[BlackTeam "Ladia Minsk"]
[WhiteFideId "1300342"]
[BlackFideId "13505076"]
[EventDate "2012.10.11"]
[EventType "team-swiss"]

1. e4 c5 2. Nf3 e6 3. c3 d5 4. exd5 Qxd5 5. d4 Nf6 6. Na3 Qd8 7. Nc2 Be7 8. Bd3
O-O 9. O-O Nc6 10. Qe2 Qc7 11. Bg5 b6 12. Rfe1 Bb7 13. dxc5 bxc5 14. Ne3 Nd7 15.
Nc4 Nb6 16. Qe4 g6 17. Qh4 Nxc4 18. Bxc4 Rfe8 19. Bxe7 Nxe7 20. Ng5 h5 21. Nxe6
fxe6 22. Rxe6 Kh7 23. Qf6 Bc8 24. Qf7+ Kh6 25. Rxg6+ Nxg6 26. Qxc7 Bf5 27. Rd1
Re5 28. h3 Rf8 29. Qxa7 Rf6 30. Qc7 h4 31. a4 Bc2 32. Ra1 Rg5 33. Be2 Bf5 34.
Kf1 Be6 35. Qd8 Rf8 36. Qd6 Rf6 37. Qd8 Rf8 38. Qd2 Nf4 39. Bf3 Bc4+ 40. Kg1
Nxh3+ 41. Kh2 Nf4 42. Re1 Ng6 43. Re4 Bg8 44. Rg4 Rf5 45. Be4 Re5 46. a5 Be6 47.
Rxg5 Rxg5 48. f4 1-0

[Event "28th European Club Cup"]
[Site "Eilat ISR"]
[Date "2012.10.13"]
[Round "3.14"]
[White "Sheremet, Anton"]
[Black "Kovacevic, Vladimir"]
[Result "1-0"]
[WhiteElo "2095"]
[BlackElo "2210"]
[WhiteTeam "Ladia Minsk"]
[BlackTeam "Club d'Echecs Genève"]
[WhiteFideId "13504452"]
[BlackFideId "906662"]
[EventDate "2012.10.11"]
[EventType "team-swiss"]

1. c4 Nf6 2. Nc3 c5 3. g3 d5 4. cxd5 Nxd5 5. Bg2 Nc7 6. Nf3 Nc6 7. O-O e5 8. d3
Be7 9. Nd2 O-O 10. a4 Be6 11. Nc4 f6 12. a5 Qd7 13. Qa4 Rab8 14. Be3 Nd5 15.
Rfc1 Rfd8 16. Qb5 Nc7 17. Qa4 Nd4 18. Bxd4 cxd4 19. Qxd7 Rxd7 20. Ne4 Nd5 21.
Na3 b6 22. Rc6 Kf7 23. Nc4 Nb4 24. Nxe5+ fxe5 25. Rxe6 Bf6 26. axb6 axb6 27. Rd6
Rc7 28. Ra4 Rc1+ 29. Bf1 Be7 30. Rxb4 Bxd6 31. Nxd6+ Ke6 32. Nc4 b5 33. Na3 Rc5
34. e3 dxe3 35. fxe3 Rf8 36. Bh3+ Ke7 37. Rxb5 Rxb5 38. Nxb5 Rb8 39. Nc3 Rxb2
40. Nd1 Re2 41. Bg4 Rd2 42. Nf2 g6 43. Bf3 h5 44. h3 Kf7 45. Bd5+ Kg7 46. Kg2
Kf6 47. Kf3 Ke7 48. Bc4 Rc2 49. g4 Rd2 50. g5 Rc2 51. Bd5 Rd2 52. Be4 Kf7 53. h4
Kg7 54. Nh3 Rb2 55. Ng1 Rb1 56. Kg2 Rb2+ 57. Kg3 Rb8 58. Nf3 Re8 59. Kf2 Re7 60.
Ke2 Re6 61. Kd2 Kf8 62. Kc3 Ke7 63. Kb4 Kd6 64. Kc4 Re8 65. Bxg6 Rc8+ 66. Kb3
Rb8+ 67. Kc2 Ra8 68. Bxh5 Ra2+ 69. Kc3 Re2 70. Nxe5 1-0

[Event "28th European Club Cup"]
[Site "Eilat ISR"]
[Date "2012.10.13"]
[Round "3.16"]
[White "Byklum, Bjornar"]
[Black "Van De Griendt, Jan Willem"]
[Result "1/2-1/2"]
[WhiteTitle "FM"]
[BlackTitle "FM"]
[WhiteElo "2298"]
[BlackElo "2318"]
[WhiteTeam "Soss"]
[BlackTeam "White Rose"]
[WhiteFideId "1502123"]
[BlackFideId "1002112"]
[EventDate "2012.10.11"]
[EventType "team-swiss"]

1. e4 e6 2. d3 c5 3. Nf3 d5 4. Qe2 Be7 5. g3 Nf6 6. e5 Nfd7 7. c4 Nc6 8. Bg2 f6
9. exf6 Nxf6 10. O-O O-O 11. Nc3 h6 12. Ne5 Nd4 13. Qd1 Kh7 14. f4 a6 15. g4 Nd7
16. Nf3 Nb6 17. Kh1 Bd6 18. Nxd4 cxd4 19. Ne2 e5 20. fxe5 Bxe5 21. Bf4 Bf6 22.
Ng3 Bg5 23. Bxg5 Rxf1+ 24. Qxf1 Qxg5 25. cxd5 Bxg4 26. Qf7 Nd7 27. Rf1 h5 28.
Be4+ Kh8 29. Nf5 Nc5 30. Bg2 Nxd3 31. Nd6 Ne5 32. Qxb7 Rd8 33. Be4 Be2 34. Rg1
Qf6 35. Nf5 g6 36. Qe7 Rf8 37. Qxf6+ Rxf6 38. Nxd4 Bd3 39. Re1 Bxe4+ 40. Rxe4
Nd3 41. Re8+ Kg7 42. Ne6+ Kf7 43. Ra8 Rf1+ 44. Kg2 Rf2+ 45. Kg3 Rxb2 46. Rxa6
Ke7 47. Ng5 h4+ 48. Kxh4 Rxh2+ 49. Kg3 Re2 50. Kf3 Re5 51. d6+ Kd7 52. Ra7+ Kc6
53. Nf7 Rf5+ 54. Ke3 Ne5 55. Rc7+ Kd5 56. Nxe5 1/2-1/2